[Event "Katowice POL-HUN 10th"]
[Site "Katowice"]
[Date "2023.09.09"]
[Round "3"]
[White "Bartel, Mateusz"]
[Black "Szczurek, Krzysztof"]
[Result "1-0"]
[WhiteElo "2621"]
[BlackElo "2175"]
[PlyCount "79"]
[EventDate "2023.09.09"]
[EventType "swiss (rapid)"]
[EventRounds "9"]
[EventCountry "POL"]
[SourceTitle "EXT 2024"]
[Source "ChessBase"]
[SourceDate "2023.10.10"]
[SourceVersion "1"]
[SourceVersionDate "2023.10.10"]
[SourceQuality "1"]

1. Nf3 Nf6 2. b4 e6 3. a3 c5 4. bxc5 Bxc5 5. d4 Be7 6. e3 d5 7. c4 0-0 8. Nbd2 Qa5 9. Be2 dxc4 10. Bxc4 b5 11. Be2 Bb7 12. 0-0 Nd5 13. Nb3 Qb6 14. Bb2 Nd7 15. Qd3 a6 16. Ne5 N7f6 17. Bf3 Rac8 18. Rfc1 Rfd8 19. e4 Nf4 20. Qe3 Ng6 21. Nd3 Rc4 22. Ndc5 Ba8 23. Be2 Rxc1+ 24. Rxc1 Nf8 25. Bc3 Rc8 26. Bb4 Qa7 27. f3 h6 28. Nxa6 Rxc1+ 29. Qxc1 Bxb4 30. Nxb4 e5 31. Bxb5 exd4 32. Nd3 Ne6 33. a4 Qb7 34. Nbc5 Qb6 35. Nxe6 Qxe6 36. Qc5 Kh7 37. Qxd4 Qa2 38. Qb2 Qe6 39. Qc2 Nd7 40. Nc5 1-0

[Event "Titled Tuesday intern op 11th Jul Early"]
[Site "Chess.com INT"]
[Date "2023.07.11"]
[Round "3"]
[White "Bryakin, Mikhail"]
[Black "Szczurek, Krzysztof"]
[Result "0-1"]
[WhiteElo "2454"]
[BlackElo "2195"]
[PlyCount "158"]
[EventDate "2023.07.11"]
[EventType "swiss (blitz)"]
[EventRounds "11"]
[EventCountry "USA"]
[SourceTitle "EXT 2024"]
[Source "ChessBase"]
[SourceDate "2023.10.10"]
[SourceVersion "1"]
[SourceVersionDate "2023.10.10"]
[SourceQuality "1"]

1. e4 c5 2. d4 cxd4 3. Qxd4 Nc6 4. Qd3 g6 5. Nc3 Bg7 6. Nf3 d6 7. Be2 Nf6 8. 0-0 0-0 9. Nd5 Bd7 10. c3 Rc8 11. Bg5 Ng4 12. h3 Nge5 13. Nxe5 dxe5 14. Rad1 Be6 15. Nxe7+ Nxe7 16. Qxd8 Rfxd8 17. Bxe7 Re8 18. Bh4 a6 19. a3 Rc6 20. Bg5 Rb6 21. Rd2 h6 22. Be3 Rc6 23. Rfd1 Rcc8 24. g4 Kh7 25. Rd6 Bf8 26. Rb6 Rc7 27. a4 Be7 28. a5 Bc8 29. f3 Rc5 30. Bxc5 Bxc5+ 31. Kf1 Bxb6 32. axb6 Be6 33. Rd6 Rc8 34. Bd1 Kg7 35. Ba4 Kf8 36. Ke1 Ke7 37. Rd3 Rc4 38. Bb3 Rc6 39. Bxe6 Kxe6 40. b4 Rxb6 41. Rd8 Rc6 42. Rb8 Rxc3 43. Ke2 Rc7 44. Rh8 Kd6 45. Rxh6 Kc6 46. Rh8 Re7 47. Kd3 Kb5 48. Kc3 Rc7+ 49. Kb3 Rd7 50. Kc3 Rc7+ 51. Kb3 Rd7 52. Re8 Rd3+ 53. Kc2 Rxf3 54. Rxe5+ Kxb4 55. h4 a5 56. Re7 b5 57. e5 Rf4 58. h5 gxh5 59. gxh5 Rh4 60. Kd3 Rxh5 61. Ke4 a4 62. Rxf7 a3 63. e6 Rh6 64. Kd5 Rh1 65. Rf4+ Kb3 66. e7 Rh5+ 67. Ke6 Rh1 68. Re4 Rh8 69. Re3+ Ka4 70. Kf7 a2 71. Rh3 Ra8 72. Rh1 b4 73. Rd1 b3 74. Rd8 Ra7 75. Kf6 Rxe7 76. Kxe7 b2 77. Ra8+ Kb3 78. Rb8+ Kc2 79. Rc8+ Kb1 0-1

[Event "Krakow op-A 33rd"]
[Site "Krakow"]
[Date "2023.01.04"]
[Round "9"]
[White "Sieciechowicz, Marcin"]
[Black "Szczurek, Krzysztof"]
[Result "1/2-1/2"]
[WhiteElo "2390"]
[BlackElo "2163"]
[PlyCount "86"]
[EventDate "2022.12.27"]
[EventType "swiss"]
[EventRounds "9"]
[EventCountry "POL"]
[SourceTitle "CBM 212 Extra"]
[Source "ChessBase"]
[SourceDate "2023.03.31"]
[SourceVersion "1"]
[SourceVersionDate "2023.03.31"]
[SourceQuality "1"]

1. d4 Nf6 2. c4 e6 3. Nc3 d5 4. Bg5 Be7 5. e3 0-0 6. Nf3 b6 7. Rc1 Bb7 8. Bd3 dxc4 9. Bxc4 c5 10. 0-0 Nc6 11. dxc5 Na5 12. Bd3 Bxc5 13. Qc2 h6 14. Bh7+ Kh8 15. Rfd1 Qe7 16. Bxf6 gxf6 17. Be4 Rac8 18. Qa4 Nc6 19. Bxc6 Bxc6 20. Qf4 Kh7 21. Ne4 Bxe4 22. Qxe4+ f5 23. Qa4 Rfd8 24. h3 a5 25. Rxd8 Rxd8 26. Rd1 Rxd1+ 27. Qxd1 Kg7 28. Kf1 Qe8 29. Qd3 Qa4 30. a3 Qe8 31. Ne5 Kf6 32. Nc4 Ke7 33. b3 Qb8 34. Kg1 Qh8 35. a4 Qa1+ 36. Kh2 f4 37. Qe4 fxe3 38. Nxe3 Kf8 39. Qa8+ Kg7 40. Qf3 Qb2 41. g3 Kf8 42. Qa8+ Kg7 43. Qf3 Kf8 1/2-1/2

[Event "Krakow op-A 33rd"]
[Site "Krakow"]
[Date "2023.01.02"]
[Round "6"]
[White "Szczurek, Krzysztof"]
[Black "Pazderski, Ziemowit"]
[Result "1-0"]
[WhiteElo "2163"]
[BlackElo "2235"]
[PlyCount "80"]
[EventDate "2022.12.27"]
[EventType "swiss"]
[EventRounds "9"]
[EventCountry "POL"]
[SourceTitle "CBM 212 Extra"]
[Source "ChessBase"]
[SourceDate "2023.03.31"]
[SourceVersion "1"]
[SourceVersionDate "2023.03.31"]
[SourceQuality "1"]

1. e4 d5 2. exd5 Qxd5 3. Nc3 Qd6 4. d4 Nf6 5. Nf3 Bg4 6. h3 Bxf3 7. Qxf3 c6 8. Be3 e6 9. 0-0-0 Nbd7 10. Bf4 Qb4 11. g4 Be7 12. g5 Nd5 13. Nxd5 cxd5 14. h4 Nb6 15. c3 Rc8 16. Kb1 Qa5 17. Be5 Na4 18. Rc1 Nxb2 19. Rc2 Na4 20. c4 dxc4 21. Bxc4 b5 22. Bxe6 Nc3+ 23. Rxc3 Qxc3 24. Bxf7+ Kf8 25. Qxc3 Rxc3 26. Be6 Ba3 27. d5 Rf3 28. h5 h6 29. g6 Rxf2 30. d6 Rf6 31. Bxf6 gxf6 32. d7 Kg7 33. Bf5 Bd6 34. Rd1 Bc7 35. Rc1 Bd8 36. Re1 a5 37. Re8 b4 38. Kc2 Rf8 39. Kb3 Bc7 40. Re7+ Kg8 1-0

[Event "EU-ch Blitz"]
[Site "Katowice"]
[Date "2022.12.16"]
[Round "18"]
[White "Kulon, Klaudia"]
[Black "Szczurek, Krzysztof"]
[Result "0-1"]
[WhiteElo "2274"]
[BlackElo "2163"]
[PlyCount "126"]
[EventDate "2022.12.16"]
[EventType "swiss (blitz)"]
[EventRounds "22"]
[EventCountry "POL"]
[SourceTitle "CBM 211 Extra"]
[Source "ChessBase"]
[SourceDate "2023.01.31"]
[SourceVersion "1"]
[SourceVersionDate "2023.01.31"]
[SourceQuality "1"]

1. c4 Nf6 2. g3 g6 3. Bg2 Bg7 4. Nc3 0-0 5. e3 c6 6. e4 e5 7. Nge2 d6 8. d3 Be6 9. h3 d5 10. cxd5 cxd5 11. 0-0 d4 12. Nb1 Nc6 13. b3 Qd7 14. Kh2 Rfc8 15. Ba3 b5 16. Nd2 a5 17. f4 Nb4 18. Bxb4 axb4 19. Nf3 exf4 20. gxf4 Ne8 21. Qd2 Ra6 22. Rfc1 Rca8 23. Qb2 Qa7 24. e5 Rxa2 25. Rxa2 Qxa2 26. Qxa2 Rxa2 27. Nexd4 Bd5 28. Kg3 Bf8 29. Rc8 Ng7 30. Ne1 Nh5+ 31. Kh4 Bxg2 32. Nec2 Ng7 33. Nxb4 Ra8 34. Rxa8 Bxa8 35. Na6 Ne6 36. Ne2 b4 37. Kg3 Bd5 38. Nc1 Nd4 39. Nc7 Bxb3 40. Kf2 Bc5 41. Ke1 Be6 42. Kd2 Bxh3 43. Nd5 Be6 44. Nf6+ Kg7 45. Ne4 Be7 46. Nf2 Nb3+ 47. Nxb3 Bxb3 48. d4 Bd5 49. Nd3 h5 50. Nf2 h4 51. Kd3 b3 52. Kc3 Be6 53. f5 gxf5 54. Nh3 Kh6 55. Kb2 Kh5 56. d5 Bc8 57. Nf2 f4 58. d6 Bd8 59. Kxb3 h3 60. Kc3 Kh4 61. Nh1 Bb6 62. Kc4 Bb7 63. d7 Bxh1 0-1

[Event "EU-ch Blitz"]
[Site "Katowice"]
[Date "2022.12.16"]
[Round "3"]
[White "Mastrovasilis, Dimitrios"]
[Black "Szczurek, Krzysztof"]
[Result "1-0"]
[WhiteElo "2605"]
[BlackElo "2163"]
[PlyCount "61"]
[EventDate "2022.12.16"]
[EventType "swiss (blitz)"]
[EventRounds "22"]
[EventCountry "POL"]
[SourceTitle "CBM 211 Extra"]
[Source "ChessBase"]
[SourceDate "2023.01.31"]
[SourceVersion "1"]
[SourceVersionDate "2023.01.31"]
[SourceQuality "1"]

1. e4 c5 2. Nf3 d6 3. d4 cxd4 4. Nxd4 Nf6 5. f3 e5 6. Nb3 Be7 7. c4 Be6 8. Be3 0-0 9. Nc3 Nbd7 10. Be2 Nb6 11. Nd5 Nbxd5 12. cxd5 Bd7 13. 0-0 Ne8 14. Qd2 f5 15. Na5 Bc8 16. exf5 Rxf5 17. Rac1 Bg5 18. Bxg5 Rxg5 19. Kh1 h6 20. b4 Nf6 21. Bd3 Kh8 22. Be4 Nh5 23. Rc3 Qb6 24. Rfc1 Bd7 25. Rc7 Be8 26. Rxb7 Qd8 27. Rcc7 Nf4 28. g3 Nh5 29. Nc6 Qf6 30. Re7 Bf7 31. Rxf7 1-0

[Event "EU-ch Blitz"]
[Site "Katowice"]
[Date "2022.12.16"]
[Round "6"]
[White "Szpar, Milosz"]
[Black "Szczurek, Krzysztof"]
[Result "1-0"]
[WhiteElo "2428"]
[BlackElo "2163"]
[PlyCount "79"]
[EventDate "2022.12.16"]
[EventType "swiss (blitz)"]
[EventRounds "22"]
[EventCountry "POL"]
[SourceTitle "CBM 211 Extra"]
[Source "ChessBase"]
[SourceDate "2023.01.31"]
[SourceVersion "1"]
[SourceVersionDate "2023.01.31"]
[SourceQuality "1"]

1. e4 c5 2. Nf3 d6 3. c3 Nf6 4. h3 Nc6 5. Bd3 e5 6. Bc2 Be7 7. d4 cxd4 8. cxd4 0-0 9. d5 Nb4 10. 0-0 Nxc2 11. Qxc2 Nh5 12. Nc3 f5 13. exf5 Bxf5 14. Qe2 Nf6 15. Be3 Ne4 16. Nd2 Nxc3 17. bxc3 Rf6 18. Kh2 Rg6 19. g4 Bd7 20. Ne4 Qa5 21. c4 b5 22. c5 dxc5 23. Bxc5 Qd8 24. Rac1 Bxc5 25. Rxc5 Qh4 26. f3 h5 27. Qf2 Qe7 28. Rc7 hxg4 29. fxg4 Rd8 30. Rxa7 Qe8 31. Qh4 Rh6 32. Qg5 Rg6 33. Qe3 b4 34. Qc5 Bb5 35. Rff7 Bd3 36. Ng3 Rc8 37. Rfc7 Rxc7 38. Rxc7 Qb5 39. Rc8+ Kh7 40. Qf8 1-0

[Event "Warsaw Chess op-A"]
[Site "Warsaw"]
[Date "2022.07.19"]
[Round "2"]
[White "Szczurek, Krzysztof"]
[Black "Karolczuk, Iwo"]
[Result "1/2-1/2"]
[WhiteElo "2151"]
[BlackElo "2319"]
[PlyCount "84"]
[EventDate "2022.07.18"]
[EventType "swiss"]
[EventRounds "9"]
[EventCountry "POL"]
[SourceTitle "CBM 209 Extra"]
[Source "ChessBase"]
[SourceDate "2022.09.30"]
[SourceVersion "1"]
[SourceVersionDate "2022.09.30"]
[SourceQuality "1"]

1. e4 e5 2. Nf3 Nc6 3. Bc4 Nf6 4. d3 h6 5. c3 d6 6. Bb3 g6 7. h3 Bg7 8. Nbd2 0-0 9. Nf1 d5 10. Qe2 dxe4 11. dxe4 Nh5 12. g3 Na5 13. Bc2 Be6 14. b3 Qd7 15. Ba3 Rfe8 16. h4 f5 17. N1d2 f4 18. Rg1 fxg3 19. fxg3 c5 20. Bd3 Red8 21. Bb5 Qc7 22. 0-0-0 a6 23. Bd3 b5 24. c4 Qb6 25. Bb2 Nc6 26. Kb1 Qa5 27. a3 Rab8 28. Rc1 Qb6 29. Qe3 Nd4 30. Nxd4 cxd4 31. Qe2 bxc4 32. Bxc4 Kh8 33. Qd3 Nf6 34. Bxe6 Qxe6 35. Rc5 Bf8 36. Rc7 Rb6 37. Nc4 Rb5 38. Rf1 Rdb8 39. b4 Be7 40. Na5 R5b6 41. Rfc1 Bd8 42. Ra7 Be7 1/2-1/2

[Event "Krakow op-B"]
[Site "Krakow"]
[Date "2022.07.01"]
[Round "8"]
[White "Szczurek, Krzysztof"]
[Black "Hnatyshyn, Anastasiya"]
[Result "1/2-1/2"]
[WhiteElo "2151"]
[BlackElo "1890"]
[PlyCount "97"]
[EventDate "2022.06.25"]
[EventType "swiss"]
[EventRounds "9"]
[EventCountry "POL"]
[SourceTitle "EXT 2023"]
[Source "ChessBase"]
[SourceDate "2022.10.05"]
[SourceVersion "1"]
[SourceVersionDate "2022.10.05"]
[SourceQuality "1"]

1. Nf3 d5 2. g3 g6 3. d4 Bg7 4. Bg2 Nf6 5. c4 c6 6. 0-0 0-0 7. cxd5 cxd5 8. Nc3 Nc6 9. Bf4 Ne4 10. Rc1 Bf5 11. Be3 Rc8 12. h3 Qd7 13. Kh2 Rfd8 14. Nh4 Nxc3 15. bxc3 Be6 16. f4 Na5 17. g4 Nc4 18. Bg1 f5 19. gxf5 Bxf5 20. Nxf5 gxf5 21. Bf2 Kh8 22. Qd3 Bf6 23. Bf3 Rg8 24. Rg1 e6 25. e3 Qa4 26. Qc2 Qa5 27. Be2 Rxg1 28. Kxg1 Nd6 29. Bd3 b5 30. Qb2 Qc7 31. Be1 Rg8+ 32. Kh1 Qg7 33. Qh2 Qf7 34. Rc2 Qh5 35. Be2 Qh6 36. h4 Qg7 37. Bd3 Nc4 38. Bf2 a5 39. Be2 Qe7 40. Qh3 b4 41. cxb4 Qxb4 42. Qf1 Rc8 43. Kh2 Rc7 44. Qc1 Bd8 45. Be1 Qa3 46. Qxa3 Nxa3 47. Rxc7 Bxc7 48. Kg2 Kg7 49. Bd3 1/2-1/2

[Event "EU-ch Blitz"]
[Site "Katowice"]
[Date "2021.12.17"]
[Round "17"]
[White "Pultinevicius, Paulius"]
[Black "Szczurek, Krzysztof"]
[Result "1/2-1/2"]
[WhiteElo "2546"]
[BlackElo "2090"]
[PlyCount "221"]
[EventDate "2021.12.17"]
[EventType "swiss (blitz)"]
[EventRounds "22"]
[EventCountry "POL"]
[SourceTitle "CBM 205 Extra"]
[Source "ChessBase"]
[SourceDate "2022.01.31"]
[SourceVersion "1"]
[SourceVersionDate "2022.01.31"]
[SourceQuality "1"]

1. e4 c6 2. d3 d5 3. Nd2 e5 4. g3 Nf6 5. Bg2 Bc5 6. Ngf3 0-0 7. 0-0 Re8 8. c3 Nbd7 9. Qe2 a5 10. b3 dxe4 11. dxe4 b5 12. Bb2 Ba6 13. h3 Qb6 14. Nh4 Rad8 15. Nf5 Nf8 16. Nf3 Ng6 17. Bc1 h6 18. N3h4 Nxh4 19. Nxh4 b4 20. c4 Bd4 21. Rb1 c5 22. Kh1 Bb7 23. Nf5 Kh7 24. Bd2 a4 25. bxa4 Ra8 26. a3 Rxa4 27. axb4 cxb4 28. Nxd4 exd4 29. Qd3 Nxe4 30. f3 Qg6 31. fxe4 Ra3 32. Qxa3 bxa3 33. Rxb7 a2 34. Ra7 Qxg3 35. Rxa2 Re7 36. c5 Qb3 37. Raa1 Qd3 38. Rad1 Qb5 39. Rc1 Rc7 40. c6 Rxc6 41. Rxc6 Qxc6 42. Rxf7 Qc2 43. Rf2 Qb1+ 44. Kh2 Qb8+ 45. Bf4 Qb6 46. e5 d3 47. Rd2 Qb4 48. Be3 Qc4 49. e6 Qc7+ 50. Kh1 Qc1+ 51. Kh2 Qc7+ 52. Kg1 Qe5 53. Rxd3 Qxe6 54. Bf2 Kh8 55. Re3 Qc8 56. Be4 Qc1+ 57. Kg2 g5 58. Rf3 Qd2 59. Bf5 Kg7 60. Bd3 Qb4 61. Re3 Qb7+ 62. Be4 Qb4 63. Bf3 Kg6 64. Re4 Qb3 65. Re2 Qc4 66. Rd2 Qb4 67. Rd4 Qa3 68. Rc4 Qb3 69. Rc6+ Kg7 70. Bd4+ Kh7 71. Be4+ Kg8 72. Rc8+ Kf7 73. Bf2 Qe6 74. Rc7+ Kf8 75. Bf3 Qe5 76. Rb7 Qf5 77. Ra7 Ke8 78. Bg4 Qd5+ 79. Bf3 Qf5 80. Bc6+ Kf8 81. Bf3 Qe5 82. Rb7 Qf5 83. Rb3 Qe5 84. Re3 Qb5 85. Bg4 Qd5+ 86. Rf3+ Ke7 87. Kh2 Qe5+ 88. Bg3 Qb2+ 89. Rf2 Qd4 90. Re2+ Kf8 91. Bf3 Qd3 92. Rf2 Ke7 93. Bg2 Qc4 94. Rb2 h5 95. Rb7+ Kf6 96. Rb6+ Kf5 97. Rb2 h4 98. Rf2+ Ke6 99. Bb8 Qb4 100. Re2+ Kf5 101. Be5 Qc4 102. Bf3 Qb3 103. Bg4+ Kg6 104. Bd6 Kf6 105. Re6+ Kf7 106. Re7+ Kf6 107. Re6+ Kf7 108. Re2 Qd3 109. Re7+ Kf6 110. Re6+ Kf7 111. Re7+ 1/2-1/2

[Event "EU-ch Blitz"]
[Site "Katowice"]
[Date "2021.12.17"]
[Round "6"]
[White "Szczurek, Krzysztof"]
[Black "Gdanski, Jacek"]
[Result "0-1"]
[WhiteElo "2090"]
[BlackElo "2499"]
[PlyCount "86"]
[EventDate "2021.12.17"]
[EventType "swiss (blitz)"]
[EventRounds "22"]
[EventCountry "POL"]
[SourceTitle "CBM 205 Extra"]
[Source "ChessBase"]
[SourceDate "2022.01.31"]
[SourceVersion "1"]
[SourceVersionDate "2022.01.31"]
[SourceQuality "1"]

1. e4 e6 2. Nf3 d5 3. d3 Nf6 4. Nbd2 c5 5. g3 Nc6 6. Bg2 g6 7. 0-0 Bg7 8. c3 0-0 9. Qe2 b5 10. d4 cxd4 11. cxd4 Nxe4 12. Nxe4 dxe4 13. Qxe4 Bb7 14. Be3 Qe7 15. Qd3 Nb4 16. Qd2 Be4 17. Bg5 f6 18. Bh6 Rac8 19. Bxg7 Kxg7 20. a3 Nd5 21. Rfe1 Bxf3 22. Bxf3 Qd6 23. Qe2 Nc7 24. Rad1 a6 25. Qe3 Rfd8 26. Bg4 Kf7 27. Qh6 Kg8 28. Re3 f5 29. Bf3 Nd5 30. Re2 Nf6 31. Qe3 Re8 32. Qe5 Qd8 33. Bb7 Rb8 34. Bc6 Nd7 35. Qd6 Nf8 36. Qc5 Re7 37. Rde1 Rc7 38. d5 Rbc8 39. Qd4 Rxc6 40. Re5 Rd6 41. Qa7 Rd7 42. Qe3 Rxd5 43. Rxd5 Qxd5 0-1